Study in Malaysia Handbook 10th : An International Student' Guide to Studying in Malaysia edition 2019.

Bibliographic Details
Format: Book
Language:English
Published: Petaling Jaya: Challenger Concept, 2019.
Subjects:
LEADER 00783cam a2200217 7i4500
001 0000036355
005 20200527090000.0
007 ##ta
008 200527s2019 mau eng
022 0 # |a 11514120 
040 # # |a MATR 
090 0 0 |a M 370.025   |b STU 
245 0 0 |a Study in Malaysia Handbook 10th :   |b An International Student' Guide to Studying in Malaysia edition 2019. 
264 # 1 |a Petaling Jaya:   |b Challenger Concept,   |c 2019. 
300 # # |a 186 pages:   |b illustrations;   |c 30 cm. 
336 # # |a text  |2 rdacontent 
337 # # |a unmediated  |2 rdamedia 
338 # # |a volume  |2 rdacarrier 
650 # 0 |a Education --   |x Directories --   |z Malaysia  
999 |a 0000041045  |b Directories  |c Malaysia  |e Business Information Centre 
999 |a 0000041044  |b Directories  |c Malaysia  |e Business Information Centre